000 00641cam a22002412 4500
999 _c9923
_d9923
001 9923
003 BD - JhCC
005 20180403134840.0
008 180403s1974 enka j 001 0 eng d
020 _a0356044556
035 _aOCLC ocm11639854 from D970709M
_a(BD - JhCC)9923
040 _aEUT
_cEUT
_dEQO
_dBD - JhCC
041 _aeng
082 _bBAI 1974
_a551.5
100 1 _aBailey, Bill.
245 1 4 _aThe weather /
_cBill Bailey.
260 _aLondon :
_bMacdonald Educational,
_c1974.
300 _a48 p. :
_bill. (part col.) ;
_c29 cm.
490 0 _aVisual books
650 0 _aWeather.
942 _2ddc
_cREF